[Event "SR 3. liga A2 2005/2006"]
[Site "?"]
[Date "2006.??.??"]
[Round "?"]
[White "Manak, Jozef"]
[Black "Csefalvay, Stefan"]
[Result "1/2-1/2"]
[WhiteElo "2095"]
[BlackElo "1925"]
[Annotator " 60.2"]
[PlyCount "97"]
[EventDate "2005.??.??"]

1. e4 c5 2. Nf3 d6 3. Bb5+ Bd7 4. Bxd7+ Qxd7 5. O-O e5 6. c3 Nf6 7. Re1 Nc6 8.
d4 h6 9. d5 Ne7 10. b4 b6 11. bxc5 bxc5 12. c4 Ng6 13. Nc3 Be7 14. Bd2 O-O 15.
Qc2 Nh5 16. h3 Ngf4 17. Kh2 g5 18. Bxf4 Nxf4 19. Ne2 Nxe2 20. Qxe2 Rab8 21.
Reb1 f5 22. Nd2 f4 23. Rb3 Rb6 24. Rxb6 axb6 25. Qg4 Qxg4 26. hxg4 Kg7 27. a4
Kg6 28. Nb1 h5 29. gxh5+ Kxh5 30. Nc3 g4 31. a5 bxa5 32. Rxa5 Rf6 33. Ra7 Bf8
34. Nb5 Kh4 35. Rh7+ Kg5 36. Rd7 Kh4 37. Nc7 g3+ 38. Kg1 gxf2+ 39. Kxf2 Rg6 40.
Ne6 Rf6 41. Nxf8 Rxf8 42. Rxd6 Rb8 43. Rg6 Rb4 44. Rh6+ Kg4 45. Rh3 Rb2+ 46.
Kg1 Rd2 47. Rf3 Rd4 48. Rb3 Kg5 49. Rb5 1/2-1/2

[Event "SR 3. liga A2 2005/2006"]
[Site "?"]
[Date "2006.??.??"]
[Round "?"]
[White "Kubis, Ivan"]
[Black "Meszaros, Lorant"]
[Result "1-0"]
[WhiteElo "2065"]
[BlackElo "2110"]
[Annotator " 61.1"]
[PlyCount "107"]
[EventDate "2005.??.??"]

1. e4 e5 2. Nf3 Nc6 3. Bc4 Bc5 4. b4 Bxb4 5. c3 Bc5 6. d4 exd4 7. O-O d6 8.
cxd4 Bb6 9. Nc3 Nf6 10. h3 h6 11. Re1 O-O 12. Bb2 Na5 13. Bd3 d5 14. e5 Nh7 15.
Na4 Nc6 16. Nxb6 axb6 17. Bb1 Re8 18. Qd3 Nf8 19. a4 Ne7 20. g4 Neg6 21. Bc1 c5
22. Ra3 Qd7 23. Bc2 Ne6 24. Qd1 Nef4 25. Kh2 c4 26. Kg3 Nh5+ 27. Kh2 Nhf4 28.
Kg3 Ne6 29. Bxg6 fxg6 30. Nh4 Nf8 31. f4 b5 32. axb5 Rxa3+ 33. Bxa3 g5 34. fxg5
hxg5 35. Nf5 Ne6 36. Nd6 Rf8 37. Bc1 g6 38. Be3 Qh7 39. Rf1 Qh4+ 40. Kg2 Nf4+
41. Bxf4 gxf4 42. Qf3 Be6 43. Nxb7 Qe7 44. Nc5 Rb8 45. Qxf4 Rxb5 46. Nxe6 Rb2+
47. Kg1 c3 48. Qh6 Rb8 49. Qxg6+ Kh8 50. Ng5 Qg7 51. Qh5+ Kg8 52. Rf7 Rb1+ 53.
Kg2 Rb7 54. Rxg7+ 1-0

[Event "SR 3. liga A2 2005/2006"]
[Site "?"]
[Date "2006.??.??"]
[Round "?"]
[White "Szekely, Stefan"]
[Black "Hrubsa, Vladimir"]
[Result "1-0"]
[WhiteElo "2080"]
[BlackElo "2055"]
[Annotator " 61.2"]
[PlyCount "87"]
[EventDate "2005.??.??"]

1. c4 Nf6 2. Nc3 g6 3. Nf3 Bg7 4. d4 d5 5. cxd5 Nxd5 6. e4 Nxc3 7. bxc3 c5 8.
Bb5+ Bd7 9. Bxd7+ Qxd7 10. O-O O-O 11. Be3 cxd4 12. cxd4 Nc6 13. Rb1 Rfd8 14.
d5 Na5 15. Bd4 $11 b6 16. Bxg7 Kxg7 17. Qd4+ Kg8 18. Ne5 Qd6 19. Ng4 f6 20.
Rfd1 Qf4 21. h3 Rac8 22. g3 Qg5 23. Ne3 Qh5 24. Kg2 Nc6 25. Qd2 Ne5 26. g4 Qg5
27. Kg3 h5 28. h4 Qh6 29. f4 Nxg4 30. Nxg4 hxg4 31. Rb3 f5 32. e5 Rc4 33. d6 e6
34. Rc1 Rxc1 35. Qxc1 Qg7 36. Qc6 Qf7 37. Rc3 Kh7 38. Qc7 Rd7 39. Qc8 g5 40.
Qxd7 gxf4+ 41. Kxf4 Qxd7 42. Rc7 Qg7 43. Rxg7+ Kxg7 44. d7 1-0

[Event "SR 3. liga A2 2005/2006"]
[Site "?"]
[Date "2006.??.??"]
[Round "?"]
[White "Pekar, Tibor"]
[Black "Both, Lajos"]
[Result "1-0"]
[WhiteElo "1985"]
[BlackElo "1990"]
[Annotator " 61.3"]
[PlyCount "119"]
[EventDate "2005.??.??"]

1. e4 c5 2. Nf3 Nc6 3. d4 cxd4 4. Nxd4 Nf6 5. Nc3 e5 6. Nb3 a5 7. a4 Bb4 8. Bg5
h6 9. Bxf6 Bxc3+ 10. bxc3 Qxf6 11. Bc4 O-O 12. O-O d6 13. Qd3 Be6 14. Nd2 Rfd8
15. Rab1 Qe7 16. Rb6 Rac8 17. Rfb1 Rc7 18. Bd5 Ra8 19. Qb5 Bxd5 20. exd5 Nd8
21. Qd3 Rac8 22. c4 Rd7 23. f3 f6 24. R6b5 Ra8 25. Qc3 f5 26. Re1 Qh4 27. Re2
Nf7 28. Qd3 g6 29. Nb3 Qd8 30. Qe3 Kh7 31. Nd2 Ra6 32. Re1 b6 33. Reb1 Rb7 34.
Nb3 Qc7 35. Qc3 Nd8 36. Nd2 Kg8 37. Qe3 Kh7 38. Re1 Nf7 39. g3 Nd8 40. h4 Nf7
41. Kg2 Ra8 42. Reb1 Rab8 43. Qd3 Rc8 44. Kf2 Nd8 45. h5 Rcb8 46. hxg6+ Kxg6
47. g4 Qd7 48. gxf5+ Kg7 49. Rg1+ Kh8 50. f6 Qh7 51. Ne4 Nf7 52. Rbb1 Rg8 53.
Rxg8+ Kxg8 54. Qe3 Ng5 55. Rh1 Nxe4+ 56. fxe4 h5 57. Qg5+ Kf8 58. Rxh5 Qg8 59.
Qf5 Rb8 60. Qd7 1-0

[Event "SR 3. liga A2 2005/2006"]
[Site "?"]
[Date "2006.??.??"]
[Round "?"]
[White "Szitasi, Janos"]
[Black "Vepy, Ivan"]
[Result "1/2-1/2"]
[WhiteElo "2020"]
[BlackElo "1925"]
[Annotator " 61.4"]
[PlyCount "115"]
[EventDate "2005.??.??"]

1. e4 e5 2. Nf3 d6 3. Bc4 Be7 4. d4 exd4 5. Nxd4 Nf6 6. Nc3 O-O 7. O-O a6 8. a4
c5 9. Nf3 Nc6 10. h3 Bd7 11. Bf4 Be6 12. Bxe6 fxe6 13. Ng5 Qd7 14. Be3 Rad8 15.
Qe2 h6 16. Nf3 Nh7 17. Rad1 Qe8 18. Nh2 Qg6 19. f4 Nf6 20. f5 exf5 21. exf5 Qf7
22. Rfe1 Rfe8 23. Qf2 Bf8 24. Nf1 Ne4 25. Nxe4 Rxe4 26. Ng3 Ree8 27. b3 Be7 28.
Kh1 Bh4 29. Qf4 Bg5 30. Qf2 Bh4 31. Qf4 Bg5 32. Qf3 Bh4 33. Qg4 Bxg3 34. Qxg3
Qf6 35. Bf4 Nd4 36. Rxe8+ Rxe8 37. Bxd6 Qxf5 38. Qd3 Rd8 39. Qc4+ Kh7 40. Bxc5
Nc6 41. Rxd8 Nxd8 42. Qd3 Qxd3 43. cxd3 Kg6 44. g3 Ne6 45. Bb6 Kf5 46. Kg2 h5
47. b4 g6 48. b5 axb5 49. axb5 Ke5 50. Kf2 Nd4 51. Bc7+ Kd5 52. b6 Kc6 53. Ke3
Ne6 54. Ke4 Nxc7 55. bxc7 Kxc7 56. Kd5 Kd7 57. h4 Ke7 58. Ke5 1/2-1/2

[Event "SR 3. liga A2 2005/2006"]
[Site "?"]
[Date "2006.??.??"]
[Round "?"]
[White "Londin, Martin"]
[Black "Liska, Frantisek"]
[Result "1-0"]
[WhiteElo "1915"]
[BlackElo "2000"]
[Annotator " 61.5"]
[PlyCount "67"]
[EventDate "2005.??.??"]

1. e4 c5 2. Nf3 Nc6 3. Bb5 a6 4. Bxc6 bxc6 5. O-O d6 6. h3 Nf6 7. e5 Nd5 8. d3
e6 9. Re1 Bb7 10. c4 Nb6 11. Nc3 d5 12. Qb3 Qc7 13. Na4 Nd7 14. Qc2 Rd8 15. Bg5
Rb8 16. Rad1 h6 17. Bc1 Be7 18. Qe2 g5 19. Nh2 Bc8 20. f4 Nf8 21. fxg5 hxg5 22.
Rf1 Ng6 23. Ng4 Rh4 24. Rde1 a5 25. b3 Ba6 26. Qf3 Nh8 27. Nf6+ Bxf6 28. Qxf6
Ng6 29. Bxg5 Rh7 30. Nxc5 dxc4 31. dxc4 Bc8 32. Rd1 Ne7 33. Kh1 a4 34. Rd7 1-0

[Event "SR 3. liga A2 2005/2006"]
[Site "?"]
[Date "2006.??.??"]
[Round "?"]
[White "Kalman, L."]
[Black "Pagac, Robert"]
[Result "1/2-1/2"]
[WhiteElo "1855"]
[BlackElo "1805"]
[Annotator " 61.6"]
[PlyCount "143"]
[EventDate "2005.??.??"]

1. e4 e5 2. Nf3 Nc6 3. Nc3 Nf6 4. a3 Bc5 5. h3 d6 6. Bc4 Be6 7. Bb5 a6 8. Bxc6+
bxc6 9. d3 h6 10. Qe2 Rb8 11. Na4 Bb6 12. Nxb6 Rxb6 13. b3 c5 14. Bd2 Qa8 15.
Bc3 O-O 16. g4 Nd7 17. Rg1 Qe8 18. Rg3 Rb7 19. h4 c6 20. Kf1 Qe7 21. Kg2 Nf6
22. Nh2 Qd7 23. g5 hxg5 24. Rxg5 Nh7 25. Rg3 f5 26. Kh1 f4 27. Rg6 Bf7 28. Rg2
Qe8 29. Qg4 Bh5 30. Qh3 Qd7 31. Qxd7 Rxd7 32. Rag1 Rf6 33. Ng4 Bxg4 34. Rxg4
Rh6 35. Rg6 Rxh4+ 36. Kg2 Rh6 37. Rxh6 gxh6 38. Kh3+ Rg7 39. Rxg7+ Kxg7 40. b4
cxb4 41. axb4 Kg6 42. Be1 Ng5+ 43. Kg2 Ne6 44. c3 Kg5 45. f3 Nf8 46. Bf2 Ng6
47. Bb6 Kf6 48. Kh3 h5 49. Bf2 Ke6 50. Kg2 Kd7 51. Bb6 Kc8 52. Kh3 Kb7 53. Bf2
Kc7 54. Ba7 Kd8 55. Bb6+ Ke7 56. Ba7 Kd7 57. Bb6 Ke6 58. c4 d5 59. exd5+ cxd5
60. Bc5 dxc4 61. dxc4 Kd7 62. Bf2 Kc6 63. Kg2 Nf8 64. Be1 Ne6 65. Bc3 Nd4 66.
Kf2 Kb6 67. Bb2 Kc6 68. Bc3 Kb6 69. Bb2 Kc6 70. Ba1 Kb6 71. Bc3 Kc6 72. Bb2
1/2-1/2

[Event "SR 3. liga A2 2005/2006"]
[Site "?"]
[Date "2006.??.??"]
[Round "?"]
[White "Hrubsa, Marian"]
[Black "Bernath, Mikulas"]
[Result "1/2-1/2"]
[WhiteElo "1725"]
[BlackElo "1905"]
[Annotator " 61.7"]
[PlyCount "97"]
[EventDate "2005.??.??"]

1. e4 c5 2. Nf3 d6 3. d4 cxd4 4. Nxd4 Nf6 5. Nc3 a6 6. Be2 e6 7. Be3 Bd7 8. O-O
Nc6 9. a3 Nxd4 10. Bxd4 Bc6 11. f3 Be7 12. Qe1 Qc7 13. Qf2 O-O 14. Bd3 e5 15.
Be3 d5 16. exd5 Nxd5 17. Nxd5 Bxd5 18. Qg3 Bc5 19. Bxc5 Qxc5+ 20. Kh1 f6 21. b3
Rad8 22. b4 Qc3 23. h3 Bc6 24. Qh4 g6 25. Qg3 Kg7 26. Rfe1 Rd7 27. h4 Rd4 28.
Rab1 Rf4 29. Qf2 Bd5 30. Be4 Bxe4 31. Rxe4 Rxe4 32. fxe4 Qxa3 33. Rb3 Qc1+ 34.
Kh2 Rc8 35. Rd3 Rc7 36. Rd2 h5 37. Qe3 Rf7 38. c3 Qf1 39. Rf2 Qc4 40. Rd2 Qe6
41. Rd8 Qg4 42. g3 Qe6 43. Qd2 Qc6 44. Rd5 Rc7 45. Rc5 Qb6 46. Qd8 Rc6 47. Qe7+
Kg8 48. Qe8+ Kg7 49. Qe7+ 1/2-1/2

[Event "SR 3. liga A2 2005/2006"]
[Site "?"]
[Date "2006.??.??"]
[Round "?"]
[White "Ollos, Ladislav"]
[Black "Jakubek, Martin"]
[Result "1/2-1/2"]
[WhiteElo "1650"]
[BlackElo "1760"]
[Annotator " 61.8"]
[PlyCount "49"]
[EventDate "2005.??.??"]

1. e4 c5 2. c3 d5 3. exd5 Qxd5 4. d4 Nc6 5. Be3 cxd4 6. cxd4 e5 7. dxe5 Qxd1+
8. Kxd1 Nxe5 9. f4 Bg4+ 10. Ke1 Bb4+ 11. Bd2 Nc6 12. Bb5 O-O-O 13. Bxc6 Bxd2+
14. Nxd2 bxc6 15. h3 Be6 16. g4 Nf6 17. Rh2 Rhe8 18. Ne2 Rd3 19. f5 Bd5 20. Rc1
Kb7 21. a3 Ne4 22. Nxe4 Rxe4 23. Rc2 Ree3 24. h4 Bf3 25. g5 $11 1/2-1/2

[Event "SR 3. liga A2 2005/2006"]
[Site "?"]
[Date "2006.??.??"]
[Round "?"]
[White "Horak, Ivan"]
[Black "Lesny, Stefan"]
[Result "1-0"]
[WhiteElo "2150"]
[BlackElo "2095"]
[Annotator " 62.1"]
[PlyCount "99"]
[EventDate "2005.??.??"]

1. e4 e5 2. Nf3 Nc6 3. Bb5 d6 4. d4 Bd7 5. Nc3 exd4 6. Nxd4 Nf6 7. O-O Be7 8.
Re1 a6 9. Bxc6 bxc6 10. Qf3 c5 11. e5 dxe5 12. Nc6 Bxc6 13. Qxc6+ Nd7 14. Rxe5
O-O 15. Rd5 Bd6 16. Bg5 f6 17. Bf4 Bxf4 18. Rxd7 Qe8 19. Nd5 Rf7 20. Nxc7 Qxd7
21. Qxa8+ Rf8 22. Qd5+ Qxd5 23. Nxd5 Be5 24. Rb1 Kf7 25. c4 Rb8 26. b3 a5 27.
g3 a4 28. Kg2 axb3 29. axb3 Ra8 30. Kf3 Ra2 31. Ne3 g6 32. h4 Ke6 33. b4 cxb4
34. Rxb4 Bd4 35. Rb8 Ra4 36. Re8+ Kf7 37. Rc8 Ra7 38. Ke4 Rd7 39. c5 f5+ 40.
Kf3 Ra7 41. c6 Be5 42. Nc4 Bc7 43. Ke3 Ke6 44. Kd4 f4 45. g4 h5 46. gxh5 gxh5
47. Rh8 Kf5 48. f3 Kg6 49. Kd5 Ra1 50. Rc8 1-0

[Event "SR 3. liga A2 2005/2006"]
[Site "?"]
[Date "2006.??.??"]
[Round "?"]
[White "Obdrzalkova, Anitta"]
[Black "Pribila, Michal"]
[Result "1/2-1/2"]
[WhiteElo "2130"]
[BlackElo "2050"]
[Annotator " 62.2"]
[PlyCount "62"]
[EventDate "2005.??.??"]

1. d4 d5 2. c4 c6 3. cxd5 cxd5 4. Nc3 Nf6 5. Bg5 e6 6. Nf3 Nc6 7. e3 Be7 8. Rc1
h6 9. Bh4 O-O 10. Bd3 Nh7 11. Bg3 a6 12. a3 f5 13. Ne5 Nxe5 14. Bxe5 Bd6 15.
Bxd6 Qxd6 16. O-O Bd7 17. b4 b5 18. Ne2 Nf6 19. f3 e5 20. Rc5 e4 21. Bb1 exf3
22. Rxf3 Ng4 23. g3 Rae8 24. Qb3 Qe7 25. Nf4 Qf7 26. Qxd5 Rxe3 27. Qxf7+ Kxf7
28. Rxe3 Nxe3 29. Ba2+ Kf6 30. Nd5+ Nxd5 31. Rxd5 Ke7 1/2-1/2

[Event "SR 3. liga A2 2005/2006"]
[Site "?"]
[Date "2006.??.??"]
[Round "?"]
[White "Pribila, Gerhard"]
[Black "Farkas, Gabor"]
[Result "1/2-1/2"]
[WhiteElo "1960"]
[BlackElo "2135"]
[Annotator " 62.3"]
[PlyCount "94"]
[EventDate "2005.??.??"]

1. e4 c5 2. Nf3 Nc6 3. d4 cxd4 4. Nxd4 Nf6 5. Nc3 e5 6. Nf5 d5 7. exd5 Bxf5 8.
dxc6 Qxd1+ 9. Nxd1 bxc6 10. Ne3 Be4 11. f3 Bg6 12. Bc4 Bc5 13. c3 O-O 14. Bd2
Rfd8 15. O-O-O Rab8 16. Bb3 Bd3 17. Rde1 a5 18. Bc2 Ba6 19. Ng4 Nxg4 20. fxg4
Re8 21. Re4 Rbd8 22. Be3 $11 Bxe3+ 23. Rxe3 Bc4 24. b3 Bd5 25. Rhe1 f6 26. g3
h6 27. Bg6 Bf7 28. Be4 Rd6 29. Rd1 Rxd1+ 30. Kxd1 c5 31. Rd3 c4 32. bxc4 Bxc4
33. Bd5+ Bxd5 34. Rxd5 Rc8 35. Kd2 Rc4 36. Rxa5 Rxg4 37. a4 h5 38. Ra8+ Kf7 39.
a5 h4 40. a6 hxg3 41. hxg3 Ra4 42. a7 Kg6 43. c4 Kf5 44. c5 Ke4 45. c6 Ra2+ 46.
Kd1 Ra1+ 47. Kd2 Ra2+ 1/2-1/2

[Event "SR 3. liga A2 2005/2006"]
[Site "?"]
[Date "2006.??.??"]
[Round "?"]
[White "Petenyi, Tamas"]
[Black "Vach, Jozef"]
[Result "1-0"]
[WhiteElo "2075"]
[BlackElo "1970"]
[Annotator " 62.4"]
[PlyCount "85"]
[EventDate "2005.??.??"]

1. e4 e5 2. Nf3 Nc6 3. Bb5 a6 4. Ba4 Nf6 5. d3 b5 6. Bb3 Be7 7. O-O O-O 8. h3
d6 9. c3 Na5 10. Bc2 c5 11. Nbd2 Nc6 12. Re1 Qc7 13. Nf1 Re8 14. Ng3 Bf8 15.
Be3 g6 16. Qd2 Bg7 17. a3 Bb7 18. d4 Qe7 19. b4 cxd4 20. cxd4 exd4 21. Nxd4 Ne5
22. Bh6 Nc4 23. Qc1 Rac8 24. Bxg7 Kxg7 25. Ngf5+ gxf5 26. Nxf5+ Kh8 27. Nxe7
Rxe7 28. Qf4 Re6 29. Bb3 Rce8 30. Bxc4 bxc4 31. Rec1 Nxe4 32. Rxc4 d5 33. Rc7
Rf6 34. Qh4 Rg6 35. Rxb7 Reg8 36. g3 Ng5 37. Kg2 Rf6 38. Qd4 Kg7 39. Re1 Kg6
40. Rb6 Ne6 41. Qg4+ Ng5 42. f4 h6 43. Rxf6+ 1-0

[Event "SR 3. liga A2 2005/2006"]
[Site "?"]
[Date "2006.??.??"]
[Round "?"]
[White "Jozefovic, Milan"]
[Black "Varga, David"]
[Result "0-1"]
[WhiteElo "1775"]
[BlackElo "2095"]
[Annotator " 62.5"]
[PlyCount "78"]
[EventDate "2005.??.??"]

1. e4 e6 2. d4 d5 3. e5 c5 4. c3 Qb6 5. Nf3 Nc6 6. Be2 cxd4 7. cxd4 Nh6 8. Na3
Bxa3 9. bxa3 Nf5 10. O-O Nfxd4 11. Be3 Nxf3+ 12. Bxf3 Qb2 13. Bc5 Nxe5 14. Bxd5
exd5 15. f4 Nc6 16. Re1+ Be6 17. f5 O-O-O 18. fxe6 fxe6 19. Rxe6 Rhe8 20. Rxe8
Rxe8 21. Qg4+ Kb8 22. Rf1 Qc3 23. Bd6+ Ka8 24. Kh1 a6 25. h3 Qc4 26. Qf5 d4 27.
Rb1 Qe6 28. Qc5 d3 29. Qb6 Qd7 30. Bf4 Re7 31. Rb2 g5 32. Bd2 g4 33. hxg4 Qxg4
34. Qf2 Qh5+ 35. Kg1 Rf7 36. Qe1 Ne5 37. Qe4 Qe2 38. Qh4 Rf1+ 39. Kh2 Nf3+ 0-1

[Event "SR 3. liga A2 2005/2006"]
[Site "?"]
[Date "2006.??.??"]
[Round "?"]
[White "Kolesar, Rastislav"]
[Black "Kocak, Branislav"]
[Result "1-0"]
[WhiteElo "1880"]
[BlackElo "1705"]
[Annotator " 62.6"]
[PlyCount "109"]
[EventDate "2005.??.??"]

1. e4 c5 2. Nf3 d6 3. d4 cxd4 4. Nxd4 Nf6 5. Nc3 g6 6. Be2 Bg7 7. Be3 Nc6 8. f3
Bd7 9. Qd2 a6 10. Nxc6 bxc6 11. Bh6 O-O 12. h4 Qa5 13. Bxg7 Kxg7 14. g4 h5 15.
O-O-O Rab8 16. g5 Nh7 17. Qd4+ Kg8 18. e5 c5 19. Qd3 Bf5 20. Qc4 dxe5 21. Nd5
Rfe8 22. Qxa6 Qxa6 23. Bxa6 e6 24. Ne3 Ra8 25. Bc4 Ra4 26. Rd7 Ra5 27. Bb3 Nf8
28. Rc7 Rd8 29. Nc4 Ra6 30. Nxe5 Rad6 31. Nxf7 R8d7 32. Nxd6 Rxc7 33. Nxf5 gxf5
34. Rd1 c4 35. Ba4 Ng6 36. Be8 Nf4 37. Rd2 c3 38. Rf2 cxb2+ 39. Kxb2 Rb7+ 40.
Kc1 Ra7 41. a4 Rc7 42. Bb5 Ng6 43. Kb2 e5 44. a5 Kg7 45. Rd2 Kf8 46. Rd7 Rc5
47. c4 Nxh4 48. a6 Rc8 49. a7 Nxf3 50. Bc6 Nxg5 51. a8=Q Rxa8 52. Bxa8 h4 53.
c5 e4 54. Rd5 Ke7 55. Rxf5 1-0

[Event "SR 3. liga A2 2005/2006"]
[Site "?"]
[Date "2006.??.??"]
[Round "?"]
[White "Zajicek, Ferdinand"]
[Black "Gutdeutsch, Otto"]
[Result "1/2-1/2"]
[WhiteElo "1725"]
[BlackElo "2030"]
[Annotator " 62.7"]
[PlyCount "111"]
[EventDate "2005.??.??"]

1. e4 e5 2. Nf3 Nc6 3. Bc4 Bc5 4. Nc3 Nf6 5. h3 d6 6. d3 h6 7. O-O a6 8. a3 O-O
9. Be3 Ba7 10. Bxa7 Rxa7 11. Ne2 Ne7 12. Nh2 g5 13. Ng3 Ng6 14. Nf5 Kh7 15. g4
c6 16. Re1 a5 17. Nf3 Nf4 18. Kh2 Bxf5 19. exf5 Qb6 20. Qd2 d5 21. Ba2 e4 22.
dxe4 dxe4 23. Ne5 Qc7 24. Nxf7 Rxf7 25. Bxf7 Qxf7 26. Qd8 b5 27. Rad1 N4d5 28.
Qd6 Qc7 29. Qxc7+ Rxc7 30. Rd2 Kg7 31. Red1 Kf7 32. Kg1 b4 33. axb4 axb4 34.
Rd4 Rd7 35. c4 bxc3 36. bxc3 c5 37. R4d2 Ke7 38. Rc1 Nf4 39. Rxd7+ Kxd7 40. Kh2
Kc6 41. c4 Kd6 42. Ra1 Ke5 43. Ra6 h5 44. Kg3 Ne2+ 45. Kg2 hxg4 46. Re6+ Kxf5
47. Rc6 Nf4+ 48. Kg3 Nd3 49. hxg4+ Nxg4 50. Rd6 Nge5 51. Rd5 Ke6 52. Kh2 Nxf2
53. Rxc5 e3 54. Kg2 e2 55. Rxe5+ Kxe5 56. Kxf2 1/2-1/2

[Event "SR 3. liga A2 2005/2006"]
[Site "?"]
[Date "2006.??.??"]
[Round "?"]
[White "Csiba, Dominik"]
[Black "Papanek, Lubomir"]
[Result "1-0"]
[WhiteElo "1800"]
[BlackElo "1690"]
[Annotator " 62.8"]
[PlyCount "67"]
[EventDate "2005.??.??"]

1. d4 Nf6 2. c4 d5 3. cxd5 Nxd5 4. e4 Nf6 5. Nc3 c6 6. Bg5 Qa5 7. Bxf6 gxf6 8.
Bc4 e6 9. d5 b5 10. Bb3 c5 11. dxe6 c4 12. exf7+ Ke7 13. Qd5 cxb3 14. Qxa8 Kxf7
15. Qxb8 Bd7 16. Qb7 Ke6 17. Rd1 Be8 18. Qd5+ Ke7 19. Qxb3 a6 20. Nge2 Bf7 21.
Qa3+ Qxa3 22. bxa3 Ke8 23. Nd5 Bxd5 24. Rxd5 Bxa3 25. Nf4 Ke7 26. Ke2 Rd8 27.
Rxd8 Kxd8 28. Rd1+ Kc7 29. Nd5+ Kc6 30. Nxf6 a5 31. e5 a4 32. e6 Be7 33. Ng8
Bg5 34. f4 1-0

[Event "SR 3. liga A2 2005/2006"]
[Site "?"]
[Date "2006.??.??"]
[Round "?"]
[White "Hrusovsky, Jan"]
[Black "Palka, M."]
[Result "0-1"]
[WhiteElo "1730"]
[BlackElo "2025"]
[Annotator " 63.2"]
[PlyCount "40"]
[EventDate "2005.??.??"]

1. e4 c5 2. Nf3 d6 3. d4 cxd4 4. Nxd4 Nf6 5. Bc4 g6 6. Nc3 Bg7 7. f4 O-O 8. O-O
Nc6 9. Nxc6 bxc6 10. e5 Bg4 11. exf6 Bxd1 12. fxg7 Kxg7 13. Rxd1 Re8 14. Ne4
Qb6+ 15. Kh1 d5 16. Bxd5 cxd5 17. Rxd5 Rad8 18. Rxd8 Rxd8 19. Bd2 Qxb2 20. Rc1
Rxd2 0-1

[Event "SR 3. liga A2 2005/2006"]
[Site "?"]
[Date "2006.??.??"]
[Round "?"]
[White "Skapikova, Lubica"]
[Black "Liptak, Tomas"]
[Result "0-1"]
[WhiteElo "2030"]
[BlackElo "1625"]
[Annotator " 63.3"]
[PlyCount "24"]
[EventDate "2005.??.??"]

1. c4 Nf6 2. g3 g6 3. Bg2 Bg7 4. Nf3 O-O 5. O-O c6 6. Nc3 d6 7. e4 e5 8. d4
exd4 9. Nxd4 Qc7 10. Bf4 Nh5 11. c5 Nxf4 12. cxd6 Qxd6 0-1

[Event "SR 3. liga A2 2005/2006"]
[Site "?"]
[Date "2006.??.??"]
[Round "?"]
[White "Hecko, Dusan"]
[Black "Gajarsky, Roman"]
[Result "1/2-1/2"]
[WhiteElo "2120"]
[BlackElo "2050"]
[Annotator " 64.1"]
[PlyCount "87"]
[EventDate "2005.??.??"]

1. c4 e5 2. Nc3 c5 3. g3 f5 4. d3 Nf6 5. Bg2 d6 6. Nh3 Nc6 7. O-O Be6 8. f4 h6
9. Nf2 Qd7 10. a3 Be7 11. Nd5 O-O 12. b4 cxb4 13. Nxb4 exf4 14. Bxf4 d5 15.
Nxc6 bxc6 16. Qa4 Bc5 17. h3 g5 18. Be5 f4 19. gxf4 gxf4 20. d4 Bb6 21. c5 Bc7
22. Bxc7 Qxc7 23. Bf3 Kh8 24. Kh2 Rg8 25. Rg1 Rg3 26. Ng4 Nxg4+ 27. hxg4 Rg8
28. Rxg3 fxg3+ 29. Kg2 Bxg4 30. Rh1 Bxf3+ 31. exf3 Rg6 32. Qc2 Kg7 33. Qe2 Qf4
34. Rb1 Rf6 35. Qd3 Rf7 36. Re1 Qh4 37. Rh1 Qf4 38. Rh3 Rf5 39. Qe2 Qc7 40. Qe6
Qf4 41. Qe7+ Kg6 42. Qe8+ Kg7 43. Qd7+ Rf7 44. Qg4+ $11 1/2-1/2

[Event "SR 3. liga A2 2005/2006"]
[Site "?"]
[Date "2006.??.??"]
[Round "?"]
[White "Slamena, Michal"]
[Black "Hanzluvka, Peter"]
[Result "0-1"]
[WhiteElo "2060"]
[BlackElo "2050"]
[Annotator " 64.2"]
[PlyCount "80"]
[EventDate "2005.??.??"]

1. e4 c5 2. Nf3 d6 3. d4 cxd4 4. Nxd4 Nf6 5. Nc3 a6 6. Bg5 e6 7. Qf3 Be7 8.
O-O-O Qc7 9. Be2 Nbd7 10. Qe3 b5 11. a3 Bb7 12. Bxf6 Nxf6 13. g4 h6 14. h4 d5
15. f3 dxe4 16. fxe4 Bc5 17. Qf3 Qe5 18. Nb3 Nxe4 19. Qd3 O-O 20. Nxc5 Nxc5 21.
Qh3 Bxh1 22. Rxh1 Rac8 23. g5 Rfd8 24. gxh6 Qf4+ 25. Kb1 Qxh6 26. h5 Rd2 27.
Qf3 Qf6 28. Qe3 Qd4 29. Qf3 b4 30. axb4 Qxb4 31. Kc1 Rd4 32. h6 Rh4 33. Rf1
Rxh6 34. Qxf7+ Kh8 35. Rg1 Qd4 36. Rg4 Rh1+ 37. Nd1 Nb3+ 38. Kb1 Rxd1+ 39. Bxd1
Qxd1+ 40. Ka2 Nc1+ 0-1

[Event "SR 3. liga A2 2005/2006"]
[Site "?"]
[Date "2006.??.??"]
[Round "?"]
[White "Diviak, R."]
[Black "Peska, Juraj"]
[Result "1/2-1/2"]
[WhiteElo "1945"]
[BlackElo "2020"]
[Annotator " 64.3"]
[PlyCount "48"]
[EventDate "2005.??.??"]

1. e4 c6 2. d4 d5 3. Nc3 e6 4. Nf3 Nf6 5. e5 Nfd7 6. Bd3 c5 7. dxc5 Bxc5 8. O-O
Nc6 9. Bf4 a6 10. Re1 Qb6 11. Qd2 Qxb2 12. Na4 Qb4 13. Nxc5 Qxd2 14. Bxd2 Nxc5
15. Rab1 b5 16. Be3 Nxd3 17. cxd3 Bd7 18. Bc5 Rc8 19. d4 Na5 20. Nd2 Nb7 21.
Nb3 a5 22. Bb6 a4 23. Nc5 Nxc5 24. Bxc5 Bc6 $11 1/2-1/2

[Event "SR 3. liga A2 2005/2006"]
[Site "?"]
[Date "2006.??.??"]
[Round "?"]
[White "Hertel, Ondrej"]
[Black "Pericka, Tomas"]
[Result "1-0"]
[WhiteElo "1960"]
[BlackElo "1945"]
[Annotator " 64.4"]
[PlyCount "61"]
[EventDate "2005.??.??"]

1. d4 Nf6 2. c4 e6 3. Nf3 d5 4. Bg5 c6 5. e3 Qa5+ 6. Nbd2 Ne4 7. Bf4 e5 8. Bxe5
Bg4 9. a3 Nd7 10. b4 Qd8 11. h3 Nxe5 12. dxe5 Nxd2 13. Qxd2 Be6 14. Nd4 Be7 15.
Nxe6 fxe6 16. Bd3 Qc7 17. f4 Bh4+ 18. Ke2 O-O-O 19. Qc2 d4 20. Rhg1 g5 21. g3
gxf4 22. exf4 Rhf8 23. Raf1 Bxg3 24. Rxg3 Rxf4 25. Rxf4 Qxe5+ 26. Re4 Qxg3 27.
Kd1 Qxh3 $11 28. Kc1 Rg8 29. Rxe6 Rg3 30. Bf5 Qf1+ 31. Re1+ 1-0

[Event "SR 3. liga A2 2005/2006"]
[Site "?"]
[Date "2006.??.??"]
[Round "?"]
[White "Blazkova, Barbora"]
[Black "Kollarik, Gorazd"]
[Result "1/2-1/2"]
[WhiteElo "1965"]
[BlackElo "1980"]
[Annotator " 64.5"]
[PlyCount "35"]
[EventDate "2005.??.??"]

1. d4 d5 2. c4 e6 3. Nc3 Nf6 4. Bg5 Be7 5. e3 O-O 6. Nf3 h6 7. Bh4 b6 8. Bd3
Bb7 9. O-O Nbd7 10. Qe2 c5 11. Rac1 dxc4 12. Bxc4 cxd4 13. exd4 Rc8 14. Ba6
Bxa6 15. Qxa6 Ra8 16. Rfe1 Re8 17. Bg3 Nd5 18. Nxd5 1/2-1/2

[Event "SR 3. liga A2 2005/2006"]
[Site "?"]
[Date "2006.??.??"]
[Round "?"]
[White "Barca, Michal"]
[Black "Pagerka, Martin"]
[Result "0-1"]
[WhiteElo "1845"]
[BlackElo "1855"]
[Annotator " 64.6"]
[PlyCount "90"]
[EventDate "2005.??.??"]

1. c4 Nf6 2. Nc3 g6 3. d4 Bg7 4. g3 O-O 5. Bg2 c6 6. e4 d6 7. Nge2 e5 8. d5 Ne8
9. O-O Qc7 10. Be3 f5 11. dxc6 bxc6 12. exf5 Bxf5 13. Nb5 Qd7 14. Qb3 Be6 15.
Rfd1 a6 16. Nxd6 Nxd6 17. Bc5 Bxc4 18. Qc2 Qf5 19. Qxf5 Rxf5 20. Rxd6 Bf8 21.
Rd8 Bxe2 22. Bxc6 Nxc6 23. Rxa8 Nd4 24. f4 Kg7 25. Bxf8+ Rxf8 26. Rxf8 Kxf8 27.
fxe5 Ke7 28. Kf2 Bb5 29. Rc1 Nc6 30. Re1 Ke6 31. Kf3 Nb4 32. a3 Bc6+ 33. Kg4
Nd3 34. Re2 h6 35. h4 Bb5 36. Rc2 Nxe5+ 37. Kf4 Nc6 38. Rd2 Ne7 39. g4 Nd5+ 40.
Ke4 Nf6+ 41. Kf4 g5+ 42. hxg5 hxg5+ 43. Kf3 Bc6+ 44. Ke3 Nxg4+ 45. Kd4 Nf6 0-1

[Event "SR 3. liga A2 2005/2006"]
[Site "?"]
[Date "2006.??.??"]
[Round "?"]
[White "Fedor, Miroslav"]
[Black "Slamka, Michal"]
[Result "1/2-1/2"]
[WhiteElo "1795"]
[BlackElo "1630"]
[Annotator " 64.7"]
[PlyCount "94"]
[EventDate "2005.??.??"]

1. e4 e5 2. Nf3 Nc6 3. Bb5 d6 4. d4 exd4 5. Nxd4 Bd7 6. Nc3 Nf6 7. O-O Be7 8.
Bg5 O-O 9. Re1 Ne5 10. Bxd7 Nexd7 11. Nf5 Re8 12. Nxe7+ Rxe7 13. Nd5 Re8 14.
Qf3 h6 15. Nxf6+ Nxf6 16. Bxf6 Qxf6 17. Qxf6 gxf6 18. Re3 Re5 19. f4 Rc5 20. c3
Re8 21. Rae1 Ra5 22. a3 Kf8 23. Kf2 f5 24. e5 Rd5 25. R1e2 Re6 26. exd6 Rdxd6
27. Re5 Rxe5 28. Rxe5 Rd2+ 29. Re2 Rxe2+ 30. Kxe2 Ke7 31. Ke3 Ke6 32. Kd4 Kd6
33. b4 c6 34. a4 b6 35. c4 c5+ 36. Kc3 a5 37. bxa5 bxa5 38. Kd3 Ke6 39. Ke3 Kf6
40. Kf3 Kg6 41. Kg3 h5 42. Kh4 Kh6 43. h3 Kg6 44. g3 f6 45. g4 hxg4 46. hxg4
fxg4 47. Kxg4 f5+ 1/2-1/2